000 01306nam a2200349 a 4500
001 000108943
003 CHAP
005 20220329144031.0
008 140324s2013 mx sm |||||||spa d
010 _a105405
011 _a106377
040 _cCHAP
090 _aTesis
100 1 _aMartínez Hernández, Amador
_9126033
245 1 0 _aAnálisis del índice de ventaja comparativa revelada del mango en México
_h[En línea]
_cpor Amador Martínez Hernández.
260 _aChapingo, Méx. :
_bEl autor,
_c2013.
500 _aPara ver el contenido del material haga clic en la liga
502 _aTesis (Lic. en Comercio Internacional de Productos Agropecuarios) -- UACH. División de Ciencias Económico Administrativas
590 _aBATCH-UPD
_b05
_c20140324
_lUCH01
_h1537
590 _aBATCH-UPD
_b05
_c20141002
_lUCH01
_h0858
590 _aE11695DGD
_b10
_c20141006
_lUCH01
_h1312
590 _aE5765TAJ
_b05
_c20140324
_lUCH01
_h0955
590 _aE5765TAJ
_b05
_c20140324
_lUCH01
_h1000
650 1 4 _aMango
_xCostos de producción.
_970404
650 1 4 _aMango
_xExportación.
_970415
650 1 4 _aMango
_xImportación.
_970426
650 1 4 _aMango
_xMercadeo.
_970434
856 _aFinding aid
_uhttp://10.13.5.2/tesis/sist108943.pdf
_zTeclea aquí
901 _aBK
942 _cTESIS
942 _n0
999 _c105405
_d105405